The Witcher - Statistics

General Stats
  • This quiz has been taken 144 times
  • The average score is 18 of 30
Answer Stats
Question Answer % Correct
Who is the Child of the Prophecy? Cirilla of Cintra
100%
Why is Ciri so powerful? She has Elder Blood
98%
What scent is linked to Yennefer of Vengerberg? Lilac and gooseberries
90%
Who is the emperor of Nilfgaard? Emhyr var Emreis
86%
What Witcher school does Geralt belong to? School of the Wolf
83%
Who is the elder vampire who became Geralt's friend? Regis
79%
Who is Geralt's mentor? Vesemir
78%
Who was the bandit who tried to kill Stregobor in The lesser evil? Renfri
76%
Who healed Dandelion when he was hurt by a Djinn? Yennefer of Vengerberg
72%
What is Shani's last name? Unknown
69%
Which of these is a name Gaunter O'Dimm uses? Master Mirror
68%
Ciri's full name Cirilla Fiona Elen Riannon
67%
How did Ciri escape Thanedd? Teleported through Tor Lara
67%
What was Geralt's last wish? To have his and Yennefer's destinies bound together
66%
How many boys approximately survive the Witcher mutations? 3/10
61%
In what book does Geralt meet Yennefer? The Last Wish
60%
Which two characters stopped Nilfgaard's offense on the bridge of Yaruga? Geralt and Cahir
54%
Which of these is NOT something Gaunter O'Dimm can give you? Info on Ciri's location
53%
How did Geralt "die" in the books? Was impaled by a pitchfork
51%
Which of these currencies is the most valuable? Nilfgaardian Florens
49%
What is the main currency in the Witcher? Novigrad crowns
49%
Which of these is NOT Geralt's alias? The Witcher of the West
49%
Who gave Ciri the scar on her cheek? Stefan Skellen
47%
What kind of notice did Shani put up infront of the Seven Cats inn? An invitation to accompany her to a friend's wedding
39%
Which one of these people was killed by Leo Bonhart? Cahir aep Ceallach
39%
Who killed Leo Bonhart? Cirilla of Cintra
37%
Which of these is NOT a Witcher book? Swords of Destiny
37%
How much did Tissaia de Vries pay for Yennefer in the show? 4 Marks
34%
Who was the hero of Sodden Hill? (In the books) Vilgefortz of Roggeveen
29%
Who saved Ciri from Vilgefortz' laboratory? Emiel Regis Rohellec Terzieff-Godefroy
17%
No matching quizzes found
Score Distribution
Percent of People with Each Score
Percentile by Number Answered
Your Score History
You have not taken this quiz